<?xml version="1.0" encoding="UTF-8"?>
<record
    xmlns:xsi="http://www.w3.org/2001/XMLSchema-instance"
    xsi:schemaLocation="http://www.loc.gov/MARC21/slim http://www.loc.gov/standards/marcxml/schema/MARC21slim.xsd"
    xmlns="http://www.loc.gov/MARC21/slim">

  <leader>00800nam a2200205Ia 4500</leader>
  <controlfield tag="003">OSt</controlfield>
  <controlfield tag="005">20250807102805.0</controlfield>
  <controlfield tag="008">210719s2005    xx            000 0 und d</controlfield>
  <datafield tag="040" ind1=" " ind2=" ">
    <subfield code="c">AL</subfield>
  </datafield>
  <datafield tag="041" ind1=" " ind2=" ">
    <subfield code="a">Kannada</subfield>
  </datafield>
  <datafield tag="082" ind1=" " ind2=" ">
    <subfield code="a">K494.0202 MANV</subfield>
  </datafield>
  <datafield tag="100" ind1=" " ind2=" ">
    <subfield code="a">MANGALURU VISHVAVIDYALAYA kannada adhypakara sangha;VIKASA</subfield>
    <subfield code="d">&#xCAE;&#xC82;&#xC97;&#xCB3;&#xCC2;&#xCB0;&#xCC1; &#xCB5;&#xCBF;&#xCB6;&#xCCD;&#xCB5;&#xCB5;&#xCBF;&#xCA6;&#xCCD;&#xCAF;&#xCBE;&#xCB2;&#xCAF; &#xC95;&#xCA8;&#xCCD;&#xCA8;&#xCA1; &#xC85;&#xCA7;&#xCCD;&#xCAF;&#xCBE;&#xCAA;&#xC95;&#xCB0; &#xCB8;&#xC82;&#xC98;</subfield>
    <subfield code="9">234425</subfield>
  </datafield>
  <datafield tag="245" ind1=" " ind2=" ">
    <subfield code="a">Vikasa: nutana pattyakrama yojane</subfield>
    <subfield code="b">&#xCB5;&#xCBF;&#xC95;&#xCBE;&#xCB8;: &#xCA8;&#xCC2;&#xCA4;&#xCA8; &#xCAA;&#xCA0;&#xCCD;&#xCAF; &#xC95;&#xCCD;&#xCB0;&#xCAE; &#xCAF;&#xCCB;&#xC9C;&#xCA8;&#xCC6; </subfield>
  </datafield>
  <datafield tag="260" ind1=" " ind2=" ">
    <subfield code="a">Mangaluru</subfield>
    <subfield code="b">Pattyakrama nirmana samiti, Vikasa</subfield>
    <subfield code="c">2005</subfield>
  </datafield>
  <datafield tag="300" ind1=" " ind2=" ">
    <subfield code="a">16</subfield>
    <subfield code="b">HB</subfield>
  </datafield>
  <datafield tag="365" ind1=" " ind2=" ">
    <subfield code="c">Rs</subfield>
  </datafield>
  <datafield tag="650" ind1=" " ind2=" ">
    <subfield code="a">Kannada Language</subfield>
    <subfield code="9">234426</subfield>
  </datafield>
  <datafield tag="906" ind1=" " ind2=" ">
    <subfield code="a">kannada syllabus ; nutana ; pattyakrama ; Vikasa: ; yojane</subfield>
  </datafield>
  <datafield tag="942" ind1=" " ind2=" ">
    <subfield code="2">ddc</subfield>
    <subfield code="c">BK</subfield>
  </datafield>
  <datafield tag="999" ind1=" " ind2=" ">
    <subfield code="c">213994</subfield>
    <subfield code="d">213994</subfield>
  </datafield>
  <datafield tag="952" ind1=" " ind2=" ">
    <subfield code="0">0</subfield>
    <subfield code="1">0</subfield>
    <subfield code="2">ddc</subfield>
    <subfield code="4">0</subfield>
    <subfield code="7">0</subfield>
    <subfield code="8">KAN</subfield>
    <subfield code="a">AL</subfield>
    <subfield code="b">AL</subfield>
    <subfield code="d">2006-01-23</subfield>
    <subfield code="l">0</subfield>
    <subfield code="o">K494.0202 MANV</subfield>
    <subfield code="p">D02603</subfield>
    <subfield code="r">2021-07-19 00:00:00</subfield>
    <subfield code="w">2021-07-19</subfield>
    <subfield code="y">DB</subfield>
  </datafield>
</record>
